000
00279nam a2200133Ia 4500
100
_a
Sinha/K.P/ Goel
942
_c
BK
654
_a
Foundry
245
_a
Foundry Technology
260
_b
Roorkee Publishing House
_c
1972
082
_a
671.2
300
_a
268
546
_a
ENGLISH
999
_c
29557
_d
29557